| 000 | 01618nam a2200277Ia 4500 | ||
|---|---|---|---|
| 999 |
_c56178 _d56178 |
||
| 001 | 23279 | ||
| 003 | GE_BSU | ||
| 005 | 20251117205732.0 | ||
| 008 | 181216s2001||||ge |||||||||||||| ||geo|| | ||
| 020 | _a99928-48-79-0 | ||
| 040 | _cGE_BSU | ||
| 041 | _ageo | ||
| 080 | _a332.21(479.22) + 94(479.223)"15/18 თ-86 | ||
| 100 |
_aთურმანიძე, ოთარ _926258 |
||
| 245 |
_aსაადგილმამულო ურთიერთობანი სამხრეთ-დასავლეთ საქართველოში ოსმალთა ბატონობის ხანაში (XVI ს.-1878 წ.) / _cოთარ თურმანიძე ; რედ. : მ. სვანიძე. |
||
| 264 |
_aბათუმი : _bბათუმის უნივერსიტეტი, _c2001. |
||
| 300 |
_a105 გვ. ; _c20 სმ. |
||
| 520 | _aრეზიუმე რუსულ და ინგლ. ენებზე | ||
| 541 | _h5 ლ. | ||
| 653 | _aმიწათმფლობელობა საქართველოში | ||
| 653 | _a საქართველოს ისტორია | ||
| 653 | _aოსმალთა ბატონობა აჭარაში | ||
| 653 | _aსაადგილმამულო ურთიერთობანი სამხრეთ-დასავლეთ საქართველოში ოსმალთა ბატონობის ხანაში (XVI ს.-1878 წ.) | ||
| 700 |
_aსვანიძე, მ. _eრედაქტორი _926259 |
||
| 942 |
_cBK _2udc |
||